| 000 | 00827nam a22002415a 4500 | ||
|---|---|---|---|
| 005 | 20170103124844.0 | ||
| 008 | 170103s2016 gw a frb 000 0 eng d | ||
| 020 | _a9783659882777 | ||
| 040 |
_aEG-ScBUE _beng _cEG-ScBUE _dEG-ScBUE |
||
| 082 | 0 | 4 |
_222 _a657.42 _bNOH |
| 100 | 1 | _aAbd El-Rahman, Noha. | |
| 245 | 1 | 4 |
_aThe effect of process infrastructure on the success of ABC / _cNoha Abd El-Rahman. |
| 260 |
_aSaarbrücken : _bLAP LAMBERT Academic Publishing, _c2016. |
||
| 300 |
_av, 184 p. : _bill. ; _c24 cm. |
||
| 504 | _aIncludes bibliographical references. | ||
| 590 | _aComposed by BUE academic. | ||
| 650 | 0 |
_2BUEsh _a(Produktform)Electronic book text. |
|
| 650 | 0 |
_aActivity-Based Costing (ABC) _2BUEsh |
|
| 650 | 7 |
_927405 _aPlant layout. _2BUEsh |
|
| 651 | _2BUEsh | ||
| 653 |
_bBUSADM _cJanuary2017 |
||
| 942 | _2ddc | ||
| 999 |
_c23807 _d23779 |
||